Statistiques concernant Profs de GEMA

Cliquez ici pour prendre le quiz!

Statistiques générales

  • Ce quiz a été pris 60 fois
  • Le résultat moyen est 9 sur 21

Statistiques - réponses

PrenomNom% Correct
FabriceBonin
92%
ThierryChaillou
84%
BlandineLegout
80%
FredericMoriniere
60%
SamirNaraoui
60%
VincentBoitier
56%
SandrineDrapier
56%
FabienneJacoboni
56%
Marie ChristineBarbot-Grizzo
52%
KarineLemercier
52%
DavidGourgousse
44%
AmiraLajmi
40%
PhilippeLauze
40%
RenzoArdiccioni
36%
CostinZaharia
32%
CelineDoukhan
24%
MichaelHermann
24%
BrahimKadar
16%
SoniaLeroy
12%
LucilleDestival
8%
AdibTadlaoui
4%

Distribution des résultats

Percentile par nombre de réponses

% des personnes avec chaque résultat

Votre développement - résultats

Vous n’avez pas pris ce quiz